Análisis de desempeño del proceso de producción de tinta para la impresión flexográfica

Tallennettuna:
Bibliografiset tiedot
Päätekijä: Laurent Matamoros, Juan Carlos
Aineistotyyppi: Kirja
Kieli:Spanish
Julkaistu: San José, Costa Rica 2015
Aiheet:
Tagit: Lisää tagi
Ei tageja, Lisää ensimmäinen tagi!

MARC

LEADER 00000nam a22000007a 4500
003 012242
005 20221231143911.0
008 150821b2015 c a|||| |||| 00| 0 spa d
040 |c cru CEDI 
090 |a TFG 7407 
100 |9 1045  |a Laurent Matamoros, Juan Carlos 
245 |a Análisis de desempeño del proceso de producción de tinta para la impresión flexográfica 
260 |a San José, Costa Rica  |c 2015 
500 |a Práctica Dirigida (licenciatura en ingeniería química)--Universidad de Costa Rica. Facultad de Ingeniería. Escuela de Ingeniería Química 
650 |x IMPRESION (ARTES GRAFICAS)  |9 1046 
942 |c TFG 
999 |c 13952  |d 13952